Responses for show #8314 - Thursday, January 14, 2021

Contestants

[<< previous game]

Liz Fitting, a teacher originally from New York, New York

Brett Moore, a freelance sportswriter from Hollywood, California

Lucy Ricketts, an illustrator originally from Atlanta, Georgia (whose 2-day cash winnings total $64,499)

[next game >>]

Jeopardy! Round responses

AUTOMOBILES
HISTORICALLY BAD
WEE-POURRI
COMMUNICATION
2-LETTER LIT
THE BEST OF TIMES
    $200 2
Famine

Lucy
    $200 8
small talk

Brett
    $200 26
Zoom

Lucy
    $200 1
It

Brett
    $200 16
a marathon

Lucy
    $400 3
the guillotine

Brett
    $400 12
(Lucy: What are Post-it Notes?)
(Ken: No.)
(Lucy: Sticky notes?)

a postage stamp

LucyBrett
    $400 13
Times Square

Liz
    $400 4
Jo

Liz
    $400 17
(Brett: Who is Seabiscuit?)
(Lucy: Who is Man o' War?)

Secretariat

LucyBrett
Triple Stumper
    $600 25
Ford

Liz
    $1,000 6
the Great Depression

Brett
    $600 15
trifle

Liz
    $600 14
whistle

Liz
    $600 9
(Ken: Yes, file folder "O" through "Z".)

Oz

Lucy
    $600 20
(Brett: What is the 10,000 meters?)
(Lucy: What is the 10 meter?)
(Liz: What is 500 meters?)

1,500 meters

LucyBrettLiz
Triple Stumper
    $800 24
the Corvette

Triple Stumper
    $800 7
gunpowder

Liz
    $800 27
a microscope

Lucy
    $800 21
ambassador to Germany

Brett
    $800 5
(Brett: Who is Dr. [*]?)
(Ken: [*], that's correct.)
[Brett looks down as if he was incorrect on the clue.]
(Ken: [*] is the right answer; I didn't mean to mislead you.)
[Laughter]

No

Brett
    $800 18
the Tour de France

Lucy
    $1000 23
(Lucy: What is a T-wing?)

gull-wing doors

Lucy
Triple Stumper
    $1000 11
the Mongols

Brett
    $1000 28
(Liz: What is Polly Pocket?)
...
[The end-of-round signal sounds.]

Matchbox cars

BrettLiz
    $1000 22
(Ken: Less than a minute now.)

his or her left hand

Triple Stumper
    $1000 10
Io

Lucy
    $1000 19
Katie Ledecky

Lucy

Scores at the first commercial break (after clue 15):

Lucy Brett Liz
$1,400 $4,000 $2,800

Scores at the end of the Jeopardy! Round:

Lucy Brett Liz
$2,400 $4,800 $1,800

Double Jeopardy! Round responses

UNICORNS
BODIES OF WATER
DON'T SKIP LEG DAY!
RICK'S ROLE
LET'S GO TO THE ARCHIVES
Y IS THE ONLY VOWEL
    $400 12
Noah's Ark

Brett
    $400 2
the Panama Canal

Lucy
    $400 16
kneecapping

Lucy
    $400 5
(Lucy: What is the Constitution?)

the Declaration of Independence

LucyBrett
    $400 1
sty

Lucy
    $800 13
a narwhal

Liz
    $800 3
the Rhine

Brett
    $800 17
the sciatic nerve

Lucy
    $800 26
General Hospital

Lucy
    $800 6
Geneva

Lucy
    $800 20
the crypt

Brett
    $1200 14
(Brett: What is Daffodil?)

Buttercup

Brett
Triple Stumper
    $2,000 4
the Red Sea

Brett
    $1200 18
gluteus maximus

Liz
    $1200 27
Roxanne

Lucy
    $2,000 7
the Knights Templar

Lucy
    $1200 21
nymphs

Liz
    $1600 15
the Cunard Line

Triple Stumper
    $1600 10
(Brett: What is the Adriatic?)

the Dardanelles

LucyBrett
    $1600 19
the quadriceps

Brett
    $1600 28
[The end-of-round signal sounds.]

David Brent

Lucy
    $1600 8
Dreyfus

Lucy
    $1600 22
a tryst

Liz
    $2000 24
"The Lady and the Unicorn"

Triple Stumper
    $2000 11
Guanabara Bay

Triple Stumper
    $2000 25
(Brett: What is the medial cruciate ligament?)

the medial collateral ligament

Brett
Triple Stumper
    $2000 9
Rosenberg

Lucy
    $2000 23
(Ken: Less than a minute now.)

glyph

Lucy

Scores at the end of the Double Jeopardy! Round:

Lucy Brett Liz
$17,600 $6,000 $6,600
(lock game)

[wagering suggestions for these scores]

Final Jeopardy! Round responses

CHILDREN'S BOOKS
BrettWhat is The Very Hungry Caterpillar?
$6,000
LizWhat is The Very Hungry Caterpillar
$6,000
LucyWhat is Press the Button?
$2,600
The Very Hungry Caterpillar

Final scores:

Lucy Brett Liz
$15,000 $12,000 $12,600
3-day champion: $79,499 3rd place: $1,000 2nd place: $2,000

Game dynamics:

Coryat scores:

Lucy Brett Liz
$16,800 $4,800 $6,600
21 R
(including 1 DD),
5 W
15 R
(including 2 DDs),
5 W
10 R,
2 W

Combined Coryat: $28,200

The J! Archive is created by fans, for fans. The Jeopardy! game show and all elements thereof, including but not limited to copyright and trademark thereto, are the property of Jeopardy Productions, Inc. and are protected under law. This website is not affiliated with, sponsored by, or operated by Jeopardy Productions, Inc. Join the discussion at JBoard.tv.